00513nam a2200169Ia 4500008004100000082000800041100003100049245005500080250000600135260003300141300001700174500002400191650001400215942000700229952009000236999001700326230524s9999 xx 000 0 und d bDOM aAnand V. Domkundwar942014 2aA Textbook of Fluid Mechanics & Hydraulic Machines a1 aNew DelhibDhanpat raic2012 a"XI,10.14p;" aQuantity Number: 1 aMechanics cBK 00104070aTATCLbTATCLcGENd2023-05-24l0o DOMp53868r2023-05-24w2023-05-24yBK c56428d56428